Motor Control: Translating research into clinical practice (Record no. 5304)

MARC details
000 -LEADER
fixed length control field 00678nam a22002297a 4500
003 - CONTROL NUMBER IDENTIFIER
control field OSt
005 - DATE AND TIME OF LATEST TRANSACTION
control field 20161011192051.0
008 - FIXED-LENGTH DATA ELEMENTS--GENERAL INFORMATION
fixed length control field 161004b xxu||||| |||| 00| 0 eng d
020 ## - INTERNATIONAL STANDARD BOOK NUMBER
International Standard Book Number 9781496347725
020 ## - INTERNATIONAL STANDARD BOOK NUMBER
International Standard Book Number 1496347722
040 ## - CATALOGING SOURCE
Transcribing agency DMLN
082 ## - DEWEY DECIMAL CLASSIFICATION NUMBER
Classification number QT104 S591m 2017
100 ## - MAIN ENTRY--PERSONAL NAME
Personal name Shumway Cook, Anne; Woollacott, Marjorie H.
9 (RLIN) 11137
245 ## - TITLE STATEMENT
Title Motor Control: Translating research into clinical practice
250 ## - EDITION STATEMENT
Edition statement 5th ed.
260 ## - PUBLICATION, DISTRIBUTION, ETC. (IMPRINT)
Place of publication, distribution, etc. Philadelphia; Wolter Kluwer, 2017
300 ## - PHYSICAL DESCRIPTION
Extent xiv,660p; col.ill: 27cm
504 ## - BIBLIOGRAPHY, ETC. NOTE
Bibliography, etc References, & index included
650 ## - SUBJECT ADDED ENTRY--TOPICAL TERM
Topical term or geographic name as entry element Physiology- motor skill
9 (RLIN) 11138
650 ## - SUBJECT ADDED ENTRY--TOPICAL TERM
Topical term or geographic name as entry element Movement disorder
9 (RLIN) 11139
942 ## - ADDED ENTRY ELEMENTS (KOHA)
Source of classification or shelving scheme Other/Generic Classification Scheme
Koha item type Open Shelf
Holdings
Withdrawn status Lost status Source of classification or shelving scheme Damaged status Not for loan Home library Current library Date acquired Source of acquisition Inventory number Total Checkouts Full call number Barcode Date last seen Koha item type Date last checked out
    Other/Generic Classification Scheme     MUST Main Library MUST Main Library 04/10/2016   16/39991   QT104 S591m 2017 2016-4606 04/10/2016 Open Shelf  
    Other/Generic Classification Scheme     MUST Main Library MUST Main Library 04/10/2016   16/39992   QT104 S591m 2017 2016-4607 04/10/2016 Open Shelf  
    Other/Generic Classification Scheme     MUST Main Library MUST Main Library 04/10/2016   16/39993 1 QT104 S591m 2017 2016-4608 01/03/2017 Open Shelf 16/02/2017
    Other/Generic Classification Scheme     MUST Main Library MUST Main Library 28/08/2018   17/40604   QT104 S591m 2017 2018-0290 28/08/2018 Open Shelf